000 02342nam a22004217a 4500
003 dpl
005 2008090303483.0
007 DVD
008 050907s2005 cau105 g 00| 0 eng d
010 _aDVD-000820-822 & DVD-005756
024 _a4.02.4.02.067.08
_c499.00
035 _aDVD-000820-822
035 _aDVD-005756
040 _aDPL
_cDPL
092 _aDVD / MUMM
245 _aThe Mummy
_h[videorecording] DVD /
_cUniversal Pictures Presents
260 _bBig Home Video
300 _a1 videocassette
_bsd., col. ;
_c4-3/4 in.
_fDVD
440 _aBig Home Video
500 _a"Raiders of the Lost Ark Meets The Terminator"
508 _aDirector of photography, Oliver Wood ; art directors, Shepherd Frankel, Don Macaulay ; editor, William Hoy ; music, Miri Ben-Ari, John Ottman ; costume designer, Jose Fernandez, Wendy Partridge ; production designer, Bill Boes ; visual effects supervisors
538 _aDolby digital 5.1, English, Russian Subtitles in English, Russian, Hindi
538 _aAspect Ratio 2:35.1,Presentation Type: Wide Screen, Presentation Size: 16x9, Format: DVD 9 Dual Layer Single Sided Disc. Layer Transition may trigger a slight pause.
650 _aMotion Picture
700 _aSommers, Stephen
700 _aFraser, Brendan
700 _aWeisz, Rachel
700 _aHannah, John
700 _aVosloo, Arnold
700 _aHyde, Jonathan
942 _cCF
_2ddc
_hDVD
_mMUMM
999 _c16127
_d16127